Oldest Countries on Earth - Statistics

General Stats
  • This quiz has been taken 44 times
  • The average score is 39 of 50
Answer Stats
Year Country % Correct
843 France
95%
1480 Russia
95%
1479 Spain
95%
1822 Greece
93%
1801 United Kingdom
93%
1616 China
90%
1867 Germany
90%
1720 Italy
90%
539 Japan
90%
1139 Portugal
88%
1776 United States
88%
1830 Belgium
86%
1501 Iran
86%
970 Sweden
86%
1299 Turkey
86%
1822 Brazil
83%
1819 Columbia
83%
1810 Mexico
83%
1813 Netherlands
83%
872 Norway
83%
1291 San Marino
83%
1828 Uruguay
83%
1825 Bolivia
81%
1818 Chile
81%
714 Denmark
81%
1810 Argentina
79%
1806 Liechtenstein
79%
1815 Luxembourg
79%
1648 Switzerland
76%
1278 Andorra
74%
1821 Peru
74%
1830 Ecuador
71%
1559 Nepal
71%
1351 Thailand
71%
1830 Venezuela
71%
1616 Bhutan
69%
1838 Costa Rica
69%
1804 Haiti
69%
1861 Monaco
69%
1811 Paraguay
69%
1839 Guatemala
67%
1838 Honduras
64%
1841 El Salvador
62%
1838 Nicaragua
62%
1154 Oman
62%
1844 Dominican Republic
60%
1137 Ethiopia
60%
681 Bulgaria
57%
1863 Afghanistan
52%
1847 Liberia
40%
No matching quizzes found
Score Distribution
Percent of People with Each Score
Percentile by Number Answered
Your Score History
You have not taken this quiz